Essentials of nuclear chemistry (Record no. 394537)

MARC details
000 -LEADER
fixed length control field 00554 a2200217 4500
005 - DATE & TIME
control field 20260217103022.0
008 - FIXED-LENGTH DATA ELEMENTS--GENERAL INFORMATION
fixed length control field 260217b |||||||| |||| 00| 0 eng d
020 ## - ISBN
International Standard Book Number 9789395161237
Price Rs. 550.00
040 ## - CATALOGING SOURCE
Original cataloging agency VIVEKANANDA LIBRARY
082 ## - DDC NUMBER
Classification number 539.7
Book Number A62E(5)
100 ## - MAIN ENTRY--PERSONAL NAME
Personal name Arnikar, H J
245 ## - TITLE STATEMENT
Title Essentials of nuclear chemistry
250 ## - EDITION STATEMENT
Edition statement 5th
260 ## - PUBLICATION, DISTRIBUTION, ETC. (IMPRINT)
Name of publisher, distributor, etc New Age International
Place of publication, distribution, etc London
Date of publication, distribution, etc 2025
300 ## - PHYSICAL DESCRIPTION
Pages xv, 440
650 ## - Subject
Subject Nuclear Chemistry
650 ## - Subject
Subject Nuclear Reactions
650 ## - Subject
Subject Radiochemistry
650 ## - Subject
Subject Radioactivity
942 ## - ADDED ENTRY ELEMENTS (KOHA)
Koha item type Books
Holdings
Withdrawn status Lost status Source of classification or shelving scheme Damaged status Not for loan Location (home branch) Sublocation or collection (holding branch) Shelving location Date acquired Koha issues (times borrowed) Koha full call number Accession No. Koha date last seen Koha item type
    Dewey Decimal Classification     VIVEKANANDA LIBRARY VIVEKANANDA LIBRARY Vivekananda Library 05/02/2026   539.7 A62E(5) 438215 05/02/2026 Books
    Dewey Decimal Classification     VIVEKANANDA LIBRARY VIVEKANANDA LIBRARY Vivekananda Library 05/02/2026   539.7 A62E(5) 438216 05/02/2026 Books
    Dewey Decimal Classification     VIVEKANANDA LIBRARY VIVEKANANDA LIBRARY Vivekananda Library 05/02/2026   539.7 A62E(5) 438217 05/02/2026 Books
    Dewey Decimal Classification     VIVEKANANDA LIBRARY VIVEKANANDA LIBRARY Vivekananda Library 05/02/2026   539.7 A62E(5) 438218 05/02/2026 Books
© Designed and Maintained by Vivekananda Library, MDU Rohtak